[Event "Fejer County-chT 1213"]
[Site "Fejer Region"]
[Date "2013.03.23"]
[Round "7.11"]
[White "Banszegi, Attila"]
[Black "Labancz, Janos"]
[Result "1-0"]
[WhiteElo "2009"]
[BlackElo "1702"]
[PlyCount "65"]
[EventDate "2012.11.03"]
[EventType "team-tourn"]
[EventRounds "7"]
[EventCountry "HUN"]
[SourceTitle "EXT 2019"]
[Source "ChessBase"]
[SourceDate "2018.10.10"]
[SourceVersion "1"]
[SourceVersionDate "2018.10.10"]
[SourceQuality "1"]
[WhiteTeam "Mor"]
[BlackTeam "Etyek"]
[WhiteTeamCountry "HUN"]
[BlackTeamCountry "HUN"]

1. e4 d6 2. d4 Nf6 3. Nc3 g6 4. f3 Bg7 5. Be3 c6 6. Qd2 b5 7. Nce2 0-0 8. h4 h5 9. Nh3 e5 10. Bh6 Nbd7 11. 0-0-0 Qc7 12. Bxg7 Kxg7 13. Ng5 Nb6 14. b3 a5 15. g4 a4 16. gxh5 Nxh5 17. Bh3 axb3 18. cxb3 c5 19. dxe5 dxe5 20. Bxc8 Rfxc8 21. f4 c4 22. Kb1 cxb3 23. axb3 Rd8 24. Qb2 Rxd1+ 25. Rxd1 Re8 26. f5 Nf6 27. fxg6 fxg6 28. Rf1 Qd6 29. Nc1 Re7 30. Qf2 Nbd7 31. Qf3 Nc5 32. h5 Nxh5 33. Qf8# 1-0

[Event "Fejer County-chT 1213"]
[Site "Fejer Region"]
[Date "2013.02.16"]
[Round "5.29"]
[White "Toth, Jozsef1111"]
[Black "Labancz, Janos"]
[Result "1-0"]
[WhiteElo "1744"]
[BlackElo "1702"]
[PlyCount "113"]
[EventDate "2012.11.03"]
[EventType "team-tourn"]
[EventRounds "7"]
[EventCountry "HUN"]
[SourceTitle "EXT 2019"]
[Source "ChessBase"]
[SourceDate "2018.10.10"]
[SourceVersion "1"]
[SourceVersionDate "2018.10.10"]
[SourceQuality "1"]
[WhiteTeam "Fehervar II"]
[BlackTeam "Etyek"]
[WhiteTeamCountry "HUN"]
[BlackTeamCountry "HUN"]

1. d4 d5 2. c4 e6 3. cxd5 exd5 4. Nc3 Nf6 5. Bg5 Be7 6. e3 Bf5 7. Bd3 Qd7 8. Nf3 c6 9. Qc2 Bxd3 10. Qxd3 Qe6 11. 0-0 Ne4 12. Bxe7 Qxe7 13. Nd2 Nxd2 14. Qxd2 Nd7 15. Rae1 Nf6 16. f3 0-0 17. Qf2 Qb4 18. a3 Qc4 19. Rc1 Rad8 20. Ne2 Qb3 21. Ng3 Rfe8 22. Rc3 Qb6 23. b4 Re6 24. Re1 a5 25. Rb1 axb4 26. Rxb4 Qc7 27. Qb2 Rb8 28. Qb1 g6 29. e4 Qe7 30. e5 Ne8 31. Ne2 g5 32. f4 gxf4 33. Nxf4 Rh6 34. Qf5 Ng7 35. Qg4 f5 36. Qg3 Kh8 37. Rbb3 Rg8 38. Qf2 Nh5 39. Rh3 Rg5 40. Nxh5 Rhxh5 41. Rxh5 Rxh5 42. Rf3 Qf8 43. Kh1 Qh6 44. g4 Qc1+ 45. Kg2 Rg5 46. Rxf5 Rxg4+ 47. Kh3 Rg8 48. Rf4 Qxa3+ 49. Kh4 Qe7+ 50. Rf6 Qg7 51. Qf4 Qe7 52. Kh3 Qa3+ 53. Kh4 Qc3 54. Rf8 Qe1+ 55. Kh5 Qe2+ 56. Kh6 Qg2 57. Qf6+ 1-0

[Event "HUN-chT2 Breyer 1112"]
[Site "Hungary"]
[Date "2012.01.29"]
[Round "5.11"]
[White "Labancz, Janos"]
[Black "Farkas, Balint"]
[Result "1/2-1/2"]
[WhiteElo "1644"]
[BlackElo "2027"]
[PlyCount "100"]
[EventDate "2011.09.25"]
[EventType "team-tourn"]
[EventRounds "11"]
[EventCountry "HUN"]
[SourceTitle "EXT 2013"]
[Source "ChessBase"]
[SourceDate "2012.11.22"]
[SourceVersion "1"]
[SourceVersionDate "2012.11.22"]
[SourceQuality "1"]
[WhiteTeam "Biatorbagy"]
[BlackTeam "Geniusz Tata"]
[WhiteTeamCountry "HUN"]
[BlackTeamCountry "HUN"]

1. d4 d5 2. c4 c6 3. Nf3 Nf6 4. Nc3 g6 5. Bg5 Bg7 6. e3 Bg4 7. h3 Bxf3 8. Qxf3 e6 9. Be2 0-0 10. 0-0 Nbd7 11. cxd5 exd5 12. Rfe1 Re8 13. Rad1 Qb6 14. Bxf6 Nxf6 15. b3 Qb4 16. Rc1 Rac8 17. Bd3 Re7 18. g4 Rce8 19. Qf4 Nd7 20. Re2 a6 21. h4 c5 22. Nxd5 Qa5 23. Nxe7+ Rxe7 24. dxc5 Be5 25. Qc4 Qc7 26. f4 Bg7 27. h5 Nf6 28. hxg6 hxg6 29. g5 Ng4 30. Rce1 Kf8 31. a4 Qd7 32. Be4 Nxe3 33. Qd3 Qg4+ 34. Bg2 Rd7 35. Rxe3 Bd4 36. Kh1 Bxe3 37. Qxe3 Rd1 38. Qe8+ Kg7 39. Qe5+ Kg8 40. Kg1 Rd2 41. Qe4 Qg3 42. Rf1 Qxb3 43. Rf3 Qd1+ 44. Kh2 Re2 45. Qxb7 Qxa4 46. c6 Qa2 47. Rg3 Qc4 48. Qb8+ Kg7 49. Rh3 Rxg2+ 50. Kxg2 Qe2+ 1/2-1/2

[Event "HUN-chT2 Breyer 0910"]
[Site "Hungary"]
[Date "2010.04.18"]
[Round "10"]
[White "Labancz, Janos"]
[Black "Farkas, Balint"]
[Result "0-1"]
[WhiteElo "1685"]
[BlackElo "2046"]
[PlyCount "120"]
[EventDate "2009.11.08"]
[EventType "team-tourn"]
[EventRounds "11"]
[EventCountry "HUN"]
[SourceTitle "EXT 2011"]
[Source "ChessBase"]
[SourceDate "2010.11.26"]
[SourceVersion "1"]
[SourceVersionDate "2010.11.26"]
[SourceQuality "1"]
[WhiteTeam "Biatorbagy"]
[BlackTeam "Geniusz Tata"]
[WhiteTeamCountry "HUN"]
[BlackTeamCountry "HUN"]

1. d4 d5 2. c4 c6 3. Nf3 Nf6 4. Nc3 g6 5. b3 Bg7 6. Bb2 0-0 7. e3 Bg4 8. Be2 Nbd7 9. Qc2 e6 10. 0-0 Qc7 11. h3 Bxf3 12. Bxf3 Rad8 13. Rac1 Qb8 14. cxd5 exd5 15. Rfd1 Rfe8 16. e4 dxe4 17. Nxe4 Nxe4 18. Bxe4 Nf6 19. Bf3 Nd5 20. Qc5 h5 21. Re1 Rxe1+ 22. Rxe1 Nf4 23. Qc4 Ne6 24. Be4 Nf4 25. h4 Bf6 26. g3 Nd5 27. Qc5 Be7 28. Qc4 Bf6 29. a4 Qd6 30. Bxd5 Qxd5 31. Qxd5 Rxd5 32. Re4 c5 33. Re8+ Kg7 34. Ra8 cxd4 35. Kf1 a6 36. Ke1 d3 37. Bxf6+ Kxf6 38. Kd2 Kf5 39. f3 f6 40. Re8 b5 41. Re4 bxa4 42. Rxa4 a5 43. Rf4+ Ke6 44. Re4+ Kf7 45. Re3 g5 46. Rxd3 Rb5 47. Kc3 Ke6 48. hxg5 fxg5 49. Kc4 Rb4+ 50. Kc5 h4 51. gxh4 gxh4 52. f4 Kf5 53. Rf3 Rxf4 54. Rd3 Rb4 55. Kc6 Kg4 56. Rd5 Rxb3 57. Rxa5 h3 58. Ra1 h2 59. Kd5 Kg3 60. Ke4 Rb2 0-1